Statistics for Thalys stations Amsterdam - Paris

Click here to take the quiz!

General Stats

  • This quiz has been taken 44 times
  • The average score is 6 of 6

Answer Stats

CountryCity% Correct
NetherlandsAmsterdam Centraal
100%
BelgiumBruxelles-Midi
100%
NetherlandsSchiphol airport
100%
FranceParis-Nord
98%
NetherlandsRotterdam Centraal
98%
BelgiumAntwerpen-Centraal
88%

Score Distribution

Percentile by Number Answered

Percent of People with Each Score

Your Score History

You have not taken this quiz